Christmas windows, (Record no. 18180)

MARC details
000 -LEADER
fixed length control field 00694cam a22002291 4500
001 - CONTROL NUMBER
control field ca 36001024
003 - CONTROL NUMBER IDENTIFIER
control field DLC
005 - DATE AND TIME OF LATEST TRANSACTION
control field 20260227111142.0
008 - FIXED-LENGTH DATA ELEMENTS--GENERAL INFORMATION
fixed length control field 780316s1928 ilua 000 0 eng
010 ## - LIBRARY OF CONGRESS CONTROL NUMBER
LC control number ca 36001024
035 ## - SYSTEM CONTROL NUMBER
System control number (OCoLC)3722524
040 ## - CATALOGING SOURCE
Original cataloging agency DLC
Transcribing agency AzFU
Modifying agency AzFU
-- OCoLC
-- DLC
042 ## - AUTHENTICATION CODE
Authentication code premarc
050 00 - LIBRARY OF CONGRESS CALL NUMBER
Classification number PN6120.C5
Item number C45
082 ## - DEWEY DECIMAL CLASSIFICATION NUMBER
Classification number 791.6
100 1# - MAIN ENTRY--PERSONAL NAME
Personal name Christensen, Mayme
245 10 - TITLE STATEMENT
Title Christmas windows,
Remainder of title a pantomime play for children,
Statement of responsibility, etc. by Mayme Christensen and Flora M. Frick.
260 ## - PUBLICATION, DISTRIBUTION, ETC.
Place of publication, distribution, etc. Chicago,
Name of publisher, distributor, etc. The Dramatic Publishing co.
Date of publication, distribution, etc. [c1928]
300 ## - PHYSICAL DESCRIPTION
Extent 23 p.
Other physical details illus., diagrs.
Dimensions 19 cm.
650 #0 - SUBJECT ADDED ENTRY--TOPICAL TERM
Topical term or geographic name entry element Christmas plays.
700 1# - ADDED ENTRY--PERSONAL NAME
Personal name Frick, Flora M.,
Relator term joint author.

No items available.

Powered by Koha